000 00606 a2200169 4500
020 _a0130214353
040 _aDLC
_bDLC
082 _a621.382
100 _aWang, Xiaodong
245 _aWireless communication systems: advanced techniques for signal reception
_cWang, Xiaodong
_hBook
260 _aNew Delhi : c2004.
_bPearson Education, Inc.,
_cc2004.
300 _axv, 682 p.
_b: ill.
_c; 25 cm.
500 _aIncludes bibliographical references and index
650 _a1.Wireless communication systems.2.Signal processing--Digital techniques.
700 _aH. Vincent Poor
942 _cBK
_k621.382 WAN
_2ddc
999 _c8470
_d8470